Quizzes
Events
Quiz Creation
Community
Videos
Private Events
Remove Ads
Sign In
Join for FREE
Feedback
Dark Mode
Quiz Categories
Sports
Geography
Music
Movies
Television
Just For Fun
Miscellaneous
History
Literature
Language
Science
Gaming
Entertainment
Religion
Holiday
For Kids
Quiz Lab
Recent
Popular Today
Quiz Kudos Today
Editor Picks
Curator Picks
Quizzes by...
Day
Popularity
Type
Ratings
Length
Year
Community
Subscriptions
Recent Discussions
Orange Saloon
Badges
Playlists
Quests
Create
Leaderboards
Showdown
Live 5
Trivia Bingo
Activity
Puzzle Library
Sporcle Events
Private Events
Virtual Trivia
Globe League
Become a Host
Pub Owners
SporcleCon
Opinionation
Our Games
Videos
Blog
Mobile Apps
Partnerships
Remove Ads and Go Orange
Feedback
Sports
Athletes
MLB
NBA
NHL
NFL
Soccer
Sports Teams
WWE
NCAA
Football
Premier League
Basketball
Baseball
Hockey
Golf
Tennis
Cricket
Rugby
Auto Racing
Olympics
World Cup
Sports
Athletes
MLB
NBA
NHL
NFL
Soccer
Sports Teams
WWE
NCAA
Football
Premier League
Basketball
Baseball
Hockey
Golf
Tennis
Cricket
Rugby
Auto Racing
Olympics
World Cup
Random Quiz
Search Sporcle
×
Quiz Lab
Quiz Lab
Sports
KOT4Q
Click on answers out of a set of options
Click on answers out of a set of options
Multiple Choice
Best Score? Go Orange.
NBA FILL IN THE BLANK Stats
Can you choose the NBA FILL IN THE BLANK?
By
Juicebowl_tv
7m
25 Questions
359 Plays
359 Plays
359 Plays
Comments
Comments
Give Quiz Kudos
Give Quiz Kudos
-
- Ratings
hide this ad
More Info
Random Order
Randomize order of answers
Randomize order of answers
Replay
Link that replays current quiz
Next Quiz
Link to next quiz in quiz playlist
You Got
0%
They Got
Avg Score
42%
Avg Friend Score
Upgrade to see
Score Distribution
Jump to the score distribution portion of the page
Score
0/25
Timer
07:00
0
Plays Today
Question
Answer
Wrong Answers
________ Is the Chicago bulls leading scorer
Michael Jordan
82.9%
Bob Love
2.2%
Scottie Pippen
1.4%
None of the above
3.1%
tracy mcgrady won a ring with the spurs in 2014. This statement is _______
false
71.1%
true
19.9%
Tim Duncan has _____ rings
5
54.8%
3
10.7%
6
5.6%
4
16.6%
The Boston Celtics hold the record of most Championships by a franchise by ______ championship
1
51.7%
3
9.3%
4
17.7%
2
9.6%
The longest NBA game lasted _____ overtimes
6
50.3%
3
6.5%
none of the above
12.1%
4
20.8%
The name of the Miami Heat Arena is _______
American Airlines arena
49.4%
American Airlines Center
30.6%
American Airlines Stadium
7.6%
American Airlines Garden
1.1%
kawhi leonard was drafted with the ____ pick in the 2011 NBA draft
15
46.3%
11
17.7%
7
13.2%
9
11%
Kobe Bryant is the lakers leading scorer. This statement is _______
False
45.8%
True
43.8%
The oldest player to play in the NBA at 45 years old was _____
Nat Hickey
45.8%
Steve Nash
7%
Vince Carter
15.4%
Bob macadoo
21.1%
Steph curry holds the record for most 3 pointers in a season with _____
402
45.2%
384
7.6%
404
23.3%
396
14%
The name of the Atlanta Hawks mascot is ______
Harry the hawk
44.7%
Hawk-eye
14.3%
Henry the hawk
28.9%
Wing-ona ryder
2.5%
Ricky Rubio averaged _____ assist in the 2016-2017 season
9.1
43.5%
7.8
26.1%
13.6
12.1%
4.9
6.7%
The NBA was introduced in ______
1946
40.4%
1944
19.1%
1945
10.4%
1947
20.2%
Shaq is ranked number ____among the all time leading scoring list
8
40.2%
4
9.3%
7
28.9%
5
9.8%
Richard Jefferson was drafted by the Houston rockets in ______
2001
39.6%
1999
18.8%
2000
15.7%
2004
14.6%
__________ hit the first ever NBA 3 pointer
Chris Ford
37.6%
Michael Cooper
27.2%
Michael Davis
13.8%
John Smith
11.5%
Vince Carter has been a NBA all-star __ times
8x
37.6%
11x
25.6%
6x
17.1%
13x
9.8%
The NBA 3 point line was introduced in _____
1979
36.5%
1978
23.9%
1975
14.6%
1981
15.7%
The GOAT is without a doubt
KOT4Q
35.7%
Michael Jordan
44.1%
Prettyboyfredo
2.5%
Lebron James
7.3%
kobe bryant has been to finals ____ times
7
35.1%
5
8.7%
8
19.1%
6
26.4%
_________is ranked number 2 in most technical fouls in NBA history
Charles barkley
34.3%
Rasheed Wallace
41.6%
Moses Malone
5.9%
Gary Payton
6.5%
Metta World Peace has ____ Championships
none of the above
30.6%
2
39.9%
3
7%
0
12.9%
Matt Barnes has played for _____ teams
9
27.5%
6
19.7%
7
26.7%
4
14.3%
Kobe bryant was the _____ player to ever be drafted straight from Highschool
5
24.7%
4
15.7%
3
35.4%
9
14.9%
The NBA has drafted _____ players in history to come out of highschool
44
20.5%
19
28.7%
21
26.7%
39
13.2%
Quiz Playlist
Details
Report
Send in Message
Add To Playlist
More Info:
MADE FOR KOT4Q KOT4Q IS THE GOAT instagram @hightopsteller
Multiple Choice:
Click on answers out of a set of options
Random Order:
Randomize order of answers
Last Updated: Aug 10, 2017
Quiz Scoreboard
CHALLENGE
Sign Up to Join the Scoreboard
Show All
Scores
Hide
Comments
May contain spoilers
Recently Published
Presidents Visiting Landmarks
by Hejman
History
7m
An Introduction to Baseball
by treessimontrees
Sports
5m
Movies - When Are They Set?
by FPL_Elf
Movies
5m
More to Explore
Quiz From the Vault
Featured Blog Post
Where Did the Easter Bunny Come From?
hide this ad
You Might Also Like...
Tags
blank
KOT4Q
Today's Top Quizzes in Sports
Browse Sports
hide this ad
Today's Top Quizzes in KOT4Q
Browse KOT4Q
Top Contributed Quizzes in Sports
1
Les meilleurs buteurs des matchs entre le PSG et l’OM
2
2022 World Cup Stars
3
FIFA Club World Cup Champions
4
Les entraîneurs de l'OM et du PSG au 21e siècle
5
Name the Premier League winners with different clubs
6
La finale Lions - Afrique du Sud 2021
7
England Test cricketers to play under Nasser Hussain
8
5-to-1: UK Sports Teams
9
Les joueurs passés par le LOSC et le RC Lens
10
Criteria MLB: Left Handed Sluggers
Explore More
Trending Topics
Disney
NBA
Crossword
Kpop
Harry Potter
Marvel
Anime
NFL
The Office
Song
Country
Soccer
WWE
Pokémon
Puzzle
hide this ad
More By:
Juicebowl_tv
Quiz
Plays
Rating
Category
Featured
Created
NBA FILL IN THE BLANK
359
1.00
Sports
Aug 9, 2017
Go to Creator's Profile
Score Distribution
Quiz Creator Spotlight
Juicebowl_tv
Follow
Send a Message
Quizzes Created
-
Created Quiz Play Count
-
More By This Creator
Popular Quizzes Today
1
Find the US States - No Outlines Minefield
2
Find the Countries of Europe - No Outlines Minefield
3
The Countries of the World
4
Popular People in 1961
5
Find the US States
6
US States
7
Risky Map Clicking: Biggest States A-Z
8
1-10 Letter E Words III
More Sports Quizzes
NFL - Last Heisman Winners To Play For Each Team
Quiz Lab
Trending Quizzes
Risky Map Clicking: Least Populous States A-Z
1-10 Letter G Words
1-10 Letter F Words
One Thing in Common: United Kingdom
Risky Map Clicking: Next State Alphabetically
Recently Updated
Leaping Animals
pecheneg
Reality TV Shows (A-Z)
bhenderson79
Rickey Henderson's Hall of Fame Teammates
pecheneg
Champions League XIs: Arsenal
pecheneg
Quick Pick: Celebrities in WWE's Hall of Fame
aduchscher
A-Z Keypad Blitz II
pecheneg
Multiple Oscar Actors
pecheneg
Mystery Phrase Blitz: Oscar 'Best Actors'
pecheneg
F. Scott Fitzgerald Novels
LTH
Pick 3 Villains
ddd62291
Trending Topics
Disney
Harry Potter
Kpop
Marvel
Anime
Crossword
NBA
Puzzle
Soccer
Country
Song
WWE
Pokémon
The Office
NFL
Your Account Isn't Verified!
In order to create a playlist on Sporcle, you need to verify the email address you used during registration. Go to your
Sporcle Settings
to finish the process.
Report this User
Report this user for behavior that violates our
Community Guidelines
.
Details:
Send Report
Go to the Sporcle.com Mobile Site →
Comments